Southville International School and Colleges
Your cart is empty.
  • Cart
  • Lists
    Public lists Eva Luna New books Lux_list list_1
    Your lists Log in to create your own lists
  • Log in to your account
  • Your cookies
  • Search history
Southville International School and Colleges
  • Advanced search
  • Recent comments
  • Most popular
  • Libraries

Log in to your account

Log in with GOOGLE


If you do not have an external account, but do have a local account, you can still log in:

  1. Home
  2. MARC view: Biology :
Normal view MARC view ISBD view

Biology : (Record no. 116685)

[ view plain ]
MARC details
000 -LEADER
fixed length control field 00691nam a2200229Ia 4500
003 - CONTROL NUMBER IDENTIFIER
control field LC
005 - DATE AND TIME OF LATEST TRANSACTION
control field 20160926105718.0
008 - FIXED-LENGTH DATA ELEMENTS--GENERAL INFORMATION
fixed length control field 140512s9999 xx 000 0 und d
020 ## - INTERNATIONAL STANDARD BOOK NUMBER
International Standard Book Number 9780198392118
050 ## - LIBRARY OF CONGRESS CALL NUMBER
Classification number QH 315
Item number .Al435 2014
100 ## - MAIN ENTRY--PERSONAL NAME
Personal name Allott, Andrew
245 ## - TITLE STATEMENT
Title Biology :
Remainder of title course companion
Statement of responsibility, etc Andrew Allott
250 ## - EDITION STATEMENT
Edition statement 2014 edition.
260 ## - PUBLICATION, DISTRIBUTION, ETC. (IMPRINT)
Place of publication, distribution, etc New York :
Name of publisher, distributor, etc Oxford University Press,
Date of publication, distribution, etc c2014.
300 ## - PHYSICAL DESCRIPTION
Extent 719 p. :
Other physical details col. Ill. ;
Dimensions 28 cm.
500 ## - GENERAL NOTE
General note Includes index.
650 ## - SUBJECT ADDED ENTRY--TOPICAL TERM
Topical term or geographic name as entry element Biology
General subdivision Examinations, questions, etc.
650 ## - SUBJECT ADDED ENTRY--TOPICAL TERM
Topical term or geographic name as entry element Biology
General subdivision Study and teaching (higher)
650 ## - SUBJECT ADDED ENTRY--TOPICAL TERM
Topical term or geographic name as entry element Internationa baccalaureate
General subdivision Stude guides
942 ## - ADDED ENTRY ELEMENTS (KOHA)
Koha item type Books
Source of classification or shelving scheme Library of Congress Classification
Holdings
Withdrawn status Lost status Source of classification or shelving scheme Damaged status Home library Current library Shelving location Date acquired Total Checkouts Total Renewals Full call number Barcode Date last seen Date checked out Price effective from Koha item type Source of acquisition
    Library of Congress Classification   Luxembourg Library Luxembourg Library International Baccalaureate Section 05/13/2014 13 72 QH 315 .Al435 2014 IB0154 06/15/2023 12/15/2022 05/13/2014 Books  
    Library of Congress Classification   Luxembourg Library Luxembourg Library International Baccalaureate Section 09/26/2016 13 19 QH 315 .Al435 2014 20335 02/17/2025 02/05/2025 09/26/2016 Books Library Fund

Biology :

APA

Allott A., . (2014). Biology. New York: Oxford University Press.

Chicago

Allott Andrew, . 2014. Biology. New York: Oxford University Press.

Harvard

Allott A., . (2014). Biology. New York: Oxford University Press.

MLA

Allott Andrew, . Biology. New York: Oxford University Press. 2014.

  • Place hold
  • Print
  • Cite
  • Add to your cart (remove)
  • Save record
    BIBTEX Dublin Core MARCXML MARC (non-Unicode/MARC-8) MARC (Unicode/UTF-8) MARC (Unicode/UTF-8, Standard) MODS (XML) RIS
  • More searches
    Search for this title in:
    Other Libraries (WorldCat) Other Databases (Google Scholar) Online Stores (Bookfinder.com) Open Library (openlibrary.org)

Exporting to Dublin Core...

SOUTHVILLE LIBRARY

Southville International School and Colleges Library

1281 Tropical Ave. Cor. Luxembourg St., BF Homes International, Las Pinas City

Tel. No. 8256374 / 252358 Loc. 117/146

Powered by Koha